000 00634nam a2200241Ia 4500
003 OSt
005 20221007100411.0
006 a|||||r|||| 00| 0
007 ta
008 221006b |||||||| |||| 00| 0 eng d
024 _a4,355
037 _cTextual
040 _aLCO
_cLCO
_beng
041 _2eng
_aeng
082 _aV2:47-48, M0
100 _aGHOSH S K
245 0 _aProtection of minorities and scheduled casts
260 _aNew
_bDelhi Ashish Pub.
_c1080
300 _a181
650 _aPROTECTION OF MINORITIES
_9701616
942 _hV2:47-48, M0
_cTEXL
999 _c1173918
_d1173918